Polo G Charting Songs (Billboard Hot Rap / R&B) - Statistics

General Stats
  • This quiz has been taken 94 times
    55 since last reset
  • The average score is 16 of 57
Answer Stats
Album Weeks On Peak Artist(s) Song % Correct
Die a Legend 26 Weeks #7 Polo G ft. Lil Tjay Pop Out
100%
Hall of Fame 20 Weeks #1 Polo G Rapstar
87%
The Goat 14 Weeks #27 Polo G 21
63%
The Goat 20 Weeks #22 Polo G Martin & Gina
63%
The Goat 15 Weeks #14 Polo G ft. Juice WRLD Flex
61%
Destined 2 Win 8 Weeks #21 Lil Tjay, Polo G & Fivio Foreign Headshot
54%
The Goat 8 Weeks #29 Polo G ft. NLE Choppa & Stunna 4 Vegas Go Stupid
52%
Hall of Fame 7 Weeks #13 Polo G & Lil Wayne Gang Gang
50%
SoulFly 7 Weeks #13 Rod Wave ft. Polo G Richer
48%
The Goat 1 Week #48 Polo G 33
43%
Hall of Fame 2 Weeks #11 Polo G ft. The Kid LAROI & Lil Durk No Return
43%
The Goat 2 Weeks #23 Polo G ft. Lil Baby Be Something
39%
Hall of Fame 6 Weeks #17 Polo G Epidemic
37%
Fighting Demons 4 Weeks #13 Juice WRLD, Polo G & Trippie Redd Feline
37%
Legends Never Die 9 Weeks #8 Juice WRLD & Marshmello ft. Polo G & The Kid LAROI Hate the Other Side
37%
The Goat 1 Week #50 Polo G I Know
35%
Welcome to O'Block 1 Week #22 King Von ft. Polo G The Code
35%
Hall of Fame 1 Week #37 Polo G ft. DaBaby Party Lyfe
33%
Hall of Fame 2.0 3 Weeks #17 Polo G ft. Lil Baby Don't Play
30%
Hall of Fame 2 Weeks #23 Polo G Black Hearted
28%
Hall of Fame 1 Week #32 Polo G ft. Pop Smoke & Fivio Foreign Clueless
28%
Hall of Fame 1 Week #35 Polo G ft. Rod Wave Heart of a Giant
28%
Hall of Fame 2.0 1 Week #34 Polo G Partin Ways
28%
Hall of Fame 2.0 1 Week #31 Polo G ft. Moneybagg Yo Start Up Again
28%
Hall of Fame 1 Week #42 Polo G Bloody Canvas
26%
Non-Album Single 5 Weeks #7 Polo G Distraction
26%
Hall of Fame 1 Week #38 Polo G ft. G Herbo Go Part 1
26%
Hall of Fame 1 Week #45 Polo G & Nicki Minaj For the Love of New York
24%
Hall of Fame 2.0 1 Week #41 Polo G ft. Lil Tjay Suicide
24%
Just Cause Y'all Waited 2 20 Weeks #15 Lil Durk ft. Lil Baby & Polo G Three Headed Goat
24%
Non-Album Single 1 Week #27 Polo G & Future No Time Wasted
22%
Fuck Love 3: Over You 4 Weeks #14 The Kid LAROI ft. Polo G & Stunna Gambino Not Sober
22%
Trip at Knight 2 Weeks #17 Trippie Redd ft. Polo G & Lil Durk Rich MF
22%
25 1 Week #29 G Herbo ft. Polo G & Lil Tjay Cry No More
20%
Hall of Fame 1 Week #27 Polo G Toxic
20%
Hall of Fame 2.0 1 Week #38 Polo G ft. NLE Choppa Unapologetic
20%
It's Not Me, It's You 1 Week #50 DDG ft. Polo G & NLE Choppa 9 Lives
17%
The Goat 1 Week #37 Polo G DND
17%
Hall of Fame 1 Week #25 Polo G Painting Pictures
17%
Hall of Fame 1 Week #49 Polo G So Real
17%
Hall of Fame 1 Week #39 Polo G Boom
13%
Me vs. Me 5 Weeks #40 NLE Choppa ft. Polo G Jumpin
13%
Non-Album Single 3 Weeks #44 PGF Nuk ft. Polo G Waddup
13%
Virgo World 1 Week #32 Lil Tecca & Polo G ft. Lil Durk When You Down
13%
Hall of Fame 2.0 13 Weeks #10 Polo G Bad Man (Smooth Criminal)
11%
The Goat 1 Week #44 Polo G Don't Believe the Hype
11%
Hall of Fame 2.0 1 Week #47 Polo G ft. YungLiV Heating Up
11%
Hall of Fame 2.0 1 Week #44 Polo G Fortnight
9%
Venom: Let There Be Carnage (Original Motion Picture Soundtrack) 3 Weeks #31 Skylar Grey, Polo G, Mossy & Eminem Last One Standing
9%
Non-Album Single 1 Week #50 Polo G My All
9%
Hall of Fame 2 Weeks #22 Polo G GNF (OKOKOK)
7%
Hall of Fame 2.0 1 Week #27 Polo G Young N Dumb
7%
B.I.B.L.E. 1 Week #38 Fivio Foreign ft. Vory & Polo G Changed On Me
4%
Culture III 1 Week #28 Migos ft. Polo G Malibu
4%
Non-Album Single 1 Week #41 Polo G Bag Talk
2%
The Goat 1 Week #47 Polo G Beautiful Pain (Losin My Mind)
2%
A Gangsta's Pain 1 Week #32 Moneybagg Yo ft. Polo G & Lil Durk Free Promo
2%
No matching quizzes found
Score Distribution
Percent of People with Each Score
Percentile by Number Answered
Your Score History
You have not taken this quiz since the last reset